|
|
|
|
| LEADER |
00000cam a2200000 7i4500 |
| 001 |
0000001797 |
| 005 |
20011205.0 |
| 020 |
0 |
0 |
|a 0849315859
|
| 090 |
0 |
0 |
|a R634.920918
|b FOR 2000
|
| 245 |
0 |
0 |
|a FOREST certification :
|b roots, issues, challenges, and benefits
|c Kristiina A. Vogt ... (et al.)
|
| 260 |
0 |
0 |
|a Boca Raton, Florida :
|b CRC Press ,
|c 2000
|
| 300 |
|
|
|a 374 p. :
|b ill. ;
|c 26 cm.
|
| 500 |
0 |
0 |
|a Includes bibliography: (p. 335-364) and index
|
| 650 |
0 |
0 |
|a Forest management
|x Standards
|
| 650 |
0 |
0 |
|a Forest products
|x Certification
|
| 650 |
0 |
0 |
|a Sustainable forestry
|
| 700 |
0 |
1 |
|a Vogt
|h Kristiina A.
|
| 998 |
|
|
|a JPSM
|
| 999 |
|
|
|a 0000002839
|b Monograph
|c Reference
|e Default branch
|